zpět

Detail výsledku týmu

AktOFFka, Buštěhrad

Datum a čas kvízu

26 Celkem bodů Celkový počet nahraných bodů na tomto kvízu bez doplňovacích otázek.
4. Pořadí na kvízu Konečné umístění týmu na tomto kvízu.

Zaznamenané odpovědi

# Otázka Odpověď Body Výsledky
1. Ministr kultury Ota Klempíř ro... každou první neděli v měsíci 1
2. Ve čtvrtek krátce po půlnoci s... Artemis II 1
3. Jedna česká sportovkyně se v p... Petra Kvitová 1
4. Jistá firma v pondělí oznámila... Kit Kat 0
5. „Všichni už jsou v Mexiku, Bue... 3:1 0
6. Vítězné téma facebookového hla... 1B 2C 3D 4A 0
7. Ve Formuli 1 můžeme občas zazn... A 1
8. Nejvíce velkých cen, k sezóně... A 0
9. Tato stáj působila ve Formuli... Benetton 0
10. Ve kterém státě se nachází záv... v Mexiku 0